000 00909nam a2200325 a 4500
003 AR-BaBNM
005 20251128204353.0
008 082120s2002 ||||||||||||||000 | spa||
020 _a84-7509-392-2
040 _cAR-BaBNM
100 1 _aOrellana-Pizarro, Luis Juan de
245 0 0 _aEl material del desarrollo sensorial
260 _aBarcelona
_bPaidós
_c1986
300 _bil.
490 0 _aRosa Sensat
_vv. 5
504 _aContiene bibliografía
650 4 _aMETODOS DE ENSEÑANZA
650 4 _aMATERIAL DIDACTICO
650 4 _aEDUCACION SENSORIAL
650 4 _aACTIVIDADES SENSOMOTRICES
650 4 _aDESARROLLO COGNOSCITIVO
650 4 _aDESARROLLO DE DESTREZAS
650 4 _aNECESIDADES DEL NIÑO
650 4 _aENSEÑANZA INDIVIDUALIZADA
650 4 _aAUTOAPRENDIZAJE
650 4 _aACTIVIDADES DE APRENDIZAJE
650 4 _aTECNICAS DIDACTICAS
942 _cBK
998 _cGrace
999 _c7190
_d7190